000
00317nam a2200133Ia 4500
008
191201s2005 xx 000 0 und d
082
_a
658.4038
_b
SAM
100
_a
SADAGOPAN, S
245
0
_a
Management Information System
260
_a
N.Delhi
_b
PHI
_c
2005
300
_a
217
650
_a
B.Tech(ME)
942
_2
ddc
_c
BK
999
_c
1108
_d
1108